| 000 | 00787nam a2200229Ia 4500 | ||
|---|---|---|---|
| 005 | 20240530110935.0 | ||
| 008 | 140319s2007 xx 000 0 ara d | ||
| 040 |
_aGCL / _cGCL |
||
| 082 | 0 | 4 |
_a412.03 / _bس م |
| 100 | 1 | _aسعدى الضناوى | |
| 245 | 1 | 0 |
_aمعجم المترادفات والاضداد / _cاعداد سعدى الضناوى ، جوزيف مالك |
| 250 | _aالاولى | ||
| 260 |
_aطرابلس : _bالمؤسسة الحديثة للكتاب ، _c2007 |
||
| 300 |
_a848 ص؛ _b24 سم |
||
| 650 | 0 | 4 | _aاللغة العربية |
| 650 | 0 | 4 | _aالمعاجم |
| 650 | 0 | 4 | _aالفاظ |
| 650 | 0 | 4 | _aالمترادفات والاضداد |
| 700 |
_aجوزيف مالك _eمعد |
||
| 942 |
_2ddc _cBK |
||
| 999 |
_c66723 _d66723 |
||